Les langues en Inde sur une carte - Statistiques

Statistiques générales
  • Ce quiz a été pris 92 fois
  • Le résultat moyen est 6 sur 14
Réponses sur la Carte
Les réponses sont colorées sur une échelle allant du rouge au vert en fonction du pourcentage des utilisateurs qui les ont devinées à leur premier essai. Vous pouvez retrouver ces pourcentages ci-dessous.
 
Statistiques - réponses
Réponse % Correct
Hindi
97%
Tamoul
83%
Bengali
73%
Gujarati
60%
Kannada
45%
Marathi
45%
Télougou
45%
Malayalam
40%
Panjabi
37%
Kashmiri
28%
Assamais
22%
Odia
18%
Sindhi
18%
Maïthili
8%
Aucun quiz correspondant
Distribution des résultats
% des personnes avec chaque résultat
Percentile par nombre de réponses
Votre historique - résultats
Vous n’avez pas pris ce quiz